Estadísticas para Ciudades latinoamericanas que comienzan con L

Haz click aquí para intentar la prueba.

Estadísticas generales

  • Esta prueba ha sido intentada 786 veces
  • La puntuación promedio es 5 de 10

Respuestas en el mapa

Las respuestas están codificadas por una escala verde-roja en el mapa de la prueba según el % correcto abajo.
 

Estadísticas de respuestas

PaísPoblaciónCiudad% Correcto
Perú10,80 MLima
98%
Bolivia0,76 MLa Paz
84%
Cuba2,13 MLa Habana
83%
Argentina0,65 MLa Plata
54%
México1,58 MLeón de los Aldama
37%
Argentina0,18 MLa Rioja
33%
Colombia0,04 MLeticia
23%
Chile0,19 MLos Ángeles
22%
República Dominicana0,22 MLa Romana
19%
Brasil0,57 MLondrina
18%

Distribución de puntuación

Porcentaje por número respondido

Porcentaje de gente con cada puntuación

Historial de tus puntuaciones

No has intentado esta prueba.